00563nam a2200157 a 450000100100000000500170001000800410002702000150006804000250008308200150010810000220012324501590014526000560030430000260036070000190038600003654820200930075807.0120120s1994 azua 000 0 spa d a0962479888 aDO-SdBNPbspacBNPHU axxxbL223m1 aLambesis, Barbara10aMaking more money retailing :blow-cost ideas for successful merchandising and boosting profits from your retail store /cBarbara Lambesis, Susan Ratliff. aPhoenix, Arizona :bMarketing Methods Press,c1994. av, 137 p. ; :b23 cm.1 aRatliff, Susan